| 000 | 00395nam a22001217a 4500 | ||
|---|---|---|---|
| 100 | _a Dutt, Ashu | ||
| 245 | _a14 wealth-building secrets of value investing : "unlocking riches that lie beyond the traditional measures of value!" | ||
| 260 |
_a New Delhi: _bVision Books; _c2012. |
||
| 300 | _a174p. | ||
| 563 | _aPB | ||
| 650 |
_aValue investing _aInvestments _9118546 |
||
| 942 |
_2ddc _cBK |
||
| 999 |
_c606763 _d606763 |
||